| 000 | 01845cam a22004818i 4500 | ||
|---|---|---|---|
| 001 | 5989 | ||
| 003 | FISKH | ||
| 005 | 20250218124046.0 | ||
| 008 | 240610m20202024cau d 6 000 1 eng | ||
| 010 | _a 2024024771 | ||
| 020 |
_a9781974715879 _q(v. 1 ; _qpaperback) |
||
| 020 | _a9781447263227 | ||
| 040 |
_aDLC _beng _erda _cDLC |
||
| 050 | _aPS3618.O8755 F36 | ||
| 082 | _a813.6 | ||
| 100 | 1 |
_aRowell, Rainbow, _eauthor. |
|
| 245 | 1 | 0 |
_aFangirl / _cRainbow Rowell |
| 260 |
_aLondon : _bMacmillan, _c2013. |
||
| 300 |
_a460, 7 pages : _c20 cm |
||
| 336 |
_atext _btxt _2rdacontent |
||
| 336 |
_astill image _bsti _2rdacontent |
||
| 337 |
_aunmediated _bn _2rdamedia |
||
| 338 |
_avolume _bnc _2rdacarrier |
||
| 500 | _a"Based on the bestselling novel by Rainbow Rowell" | ||
| 520 | _aBeing fans of the Simon Snow series helped Cath and her twin sister, Wren, cope as girls whose mother left them, but now, as they move through college, Cath feels unready to live without Wren holding her hand--and without her passion for Snow. | ||
| 650 | 1 | _aGraphic novels. | |
| 650 | 1 |
_aFans (Persons) _vFiction. |
|
| 650 | 1 |
_aAuthorship _vFiction. |
|
| 650 | 1 |
_aUniversities and colleges _vFiction. |
|
| 650 | 1 |
_aTwins _vFiction. |
|
| 650 | 1 |
_aSisters _vFiction. |
|
| 650 | 1 |
_aComing of age _vFiction. |
|
| 650 | 7 |
_aCOMICS & GRAPHIC NOVELS / Manga / School Life _2bisacsh |
|
| 650 | 7 |
_aYOUNG ADULT FICTION / Comics & Graphic Novels / Manga _2bisacsh |
|
| 655 | 7 |
_aComing-of-age comics. _2lcgft |
|
| 655 | 7 |
_aRomance comics. _2lcgft |
|
| 655 | 7 |
_aGraphic novel adaptations. _2lcgft |
|
| 655 | 7 |
_aManga. _2lcgft |
|
| 776 | 0 | 8 |
_iOnline version: _aRowell, Rainbow. _tFangirl _dSan Francisco : VIZ Originals, 2024 _z9781974748556 _w(DLC) 2024024772 |
| 906 |
_a7 _bcbc _corignew _d1 _eecip _f20 _gy-gencatlg |
||
| 942 |
_2ddc _cBK _n0 |
||
| 999 |
_c5989 _d5989 |
||